| 000 | 01044nam a22002417a 4500 | ||
|---|---|---|---|
| 999 |
_c63829 _d63829 |
||
| 005 | 20240530110701.0 | ||
| 008 | 180109s2016 ua | b 000 0 ara d | ||
| 017 |
_a2015/20642 _bمصر. دار الكتب |
||
| 020 | _a9789776528598 | ||
| 040 |
_aEG-CaGPL _cEG-CaGPL |
||
| 082 | 0 | 4 |
_221 _a254.19 / _bف إ |
| 100 | 0 | _aفرج محمد محمد سالم | |
| 245 | 1 | 2 |
_aالاخصاب الطبى اللاجنسى اهدافة وصورة ووسائلة واثارة : _bدراسة مقارنة بين الفقه الاسلامى والقانون الوضعى / _cفرج محمد محمد سالم |
| 250 | _aط. 1 | ||
| 260 |
_aالاسكندرية : _bدار الكتب والدراسات العربية ، _c2015. |
||
| 300 |
_a234 ص. ؛ _c24 سم. |
||
| 504 | _aيشتمل على ارجاعات ببليوجرافية | ||
| 650 | 0 | 7 |
_2qrmak _aالاحوال الشخصية للمسلمين |
| 650 | 0 | 7 |
_2qrmak _aالزواج (فقه اسلامى) |
| 651 | _2qrmak | ||
| 942 |
_2ddc _cBK |
||